000 002470000a22000970004500
100 1 _aNassif, Bradley
245 1 0 _aEastern orthodoxy and evangelism in dialogue
300 _aVol. 17, Núm 1 (1999), Páginas 13-16
773 0 _tEvangel
942 _cANA
999 _c54459
_d54459